[Event "Sparkassen-Open B"]
[Site "Heusenstamm, Martinsee"]
[Date "2019.11.23"]
[Round "4.8"]
[White "Traut, Stefan"]
[Black "Bursch, Alexander"]
[Result "1/2-1/2"]
[WhiteElo "1585"]
[BlackElo "1699"]
[PlyCount "73"]
[EventDate "2019.??.??"]
[WhiteTeam "SF Heusenstamm"]
[BlackTeam "SV Hennef"]

1. d4 Nf6 2. Nf3 g6 3. c4 d5 4. e3 Bg7 5. Nc3 O-O 6. Bd3 Nc6 7. a3 Re8 8. O-O
e5 9. dxe5 Nxe5 10. Nxe5 Rxe5 11. b3 c5 12. Bb2 Re8 13. cxd5 Nxd5 14. Qc2 Be6
15. Rfd1 Qg5 16. Bf1 b6 17. Rd2 Nxc3 18. Bxc3 Bxc3 19. Qxc3 Red8 20. Rad1 Rxd2
21. Rxd2 Rd8 22. Bc4 Bxc4 23. bxc4 Rxd2 24. Qxd2 Qe5 25. Qc1 Qe4 26. Kf1 Qd3+
27. Ke1 b5 28. cxb5 Qxb5 29. Qc3 a5 30. f3 a4 31. Kd2 h5 32. Kc2 Qe2+ 33. Qd2
Qc4+ 34. Qc3 Qe2+ 35. Qd2 Qb5 36. Qc3 Qe2+ 37. Qd2 1/2-1/2

[Event "Sparkassen-Open B"]
[Site "Heusenstamm, Martinsee"]
[Date "2019.11.23"]
[Round "4.9"]
[White "Zerhusen, Martin"]
[Black "Probstfeld, Bernd"]
[Result "1-0"]
[WhiteElo "1691"]
[BlackElo "1531"]
[PlyCount "57"]
[EventDate "2019.??.??"]
[WhiteTeam "SV Oberursel"]
[BlackTeam "SG Pieroth"]

1. d4 Nf6 2. c4 g6 3. Nc3 Bg7 4. e4 d6 5. Bd3 O-O 6. Nge2 Nbd7 7. O-O c6 8. f3
e5 9. d5 cxd5 10. cxd5 a6 11. Be3 b5 12. b3 Nb6 13. Qd2 Bd7 14. Rfc1 Qb8 15.
Bf2 Rc8 16. Qe3 b4 17. Qxb6 Qxb6 18. Bxb6 bxc3 19. Be3 c2 20. Bc4 Bb5 21. Rxc2
Nd7 22. Rac1 Bxc4 23. Rxc4 Rd8 24. Rc7 f5 25. Rb7 Nf6 26. Bg5 Rdb8 27. Rxb8+
Rxb8 28. Bxf6 Bxf6 29. Rc6 1-0

[Event "Sparkassen-Open B"]
[Site "Heusenstamm, Martinsee"]
[Date "2019.11.23"]
[Round "4.10"]
[White "Gude, Michael"]
[Black "Baltic, Sara"]
[Result "1-0"]
[WhiteElo "1685"]
[BlackElo "1520"]
[PlyCount "113"]
[EventDate "2019.??.??"]
[WhiteTeam "Frankfurter TV"]
[BlackTeam "SG Porz"]

1. e4 e6 2. d4 d5 3. Nc3 dxe4 4. Nxe4 Bd7 5. Nf3 Bc6 6. Bd3 Nd7 7. O-O Be7 8.
c3 Ngf6 9. Ng3 O-O 10. Re1 Bxf3 11. Qxf3 c6 12. a3 Bd6 13. Bg5 h6 14. Bd2 Qc7
15. Nf1 c5 16. dxc5 Nxc5 17. Bc2 Ncd7 18. Rad1 Ne5 19. Qh3 Neg4 20. Bc1 Bf4 21.
Bxf4 Qxf4 22. Qf3 Qc7 23. h3 Ne5 24. Qe2 Ned7 25. Ne3 Nb6 26. Bb3 Rfd8 27. Ng4
Nxg4 28. Qxg4 Nd7 29. Qc4 Qxc4 30. Bxc4 Nb6 31. Bb3 Rd7 32. Rxd7 Nxd7 33. Rd1
Nf6 34. Kf1 Kf8 35. Ke2 Ke7 36. Ke3 Rd8 37. Rxd8 Kxd8 38. Kd4 Kc7 39. Ba4 Kd6
40. b4 e5+ 41. Kd3 Nd7 42. c4 b6 43. Bxd7 Kxd7 44. a4 Kd6 45. Ke4 Kc6 46. g4 g6
47. f3 f6 48. Kd3 a5 49. c5 axb4 50. cxb6 Kd6 51. Kc4 Kc6 52. a5 f5 53. gxf5
gxf5 54. Kxb4 e4 55. fxe4 fxe4 56. Kc4 e3 57. Kd3 1-0

[Event "Sparkassen-Open B"]
[Site "Heusenstamm, Martinsee"]
[Date "2019.11.23"]
[Round "4.11"]
[White "Kirchner, Stefan"]
[Black "Raghavan, Badrinarayanan"]
[Result "0-1"]
[WhiteElo "1575"]
[BlackElo "1642"]
[PlyCount "106"]
[EventDate "2019.??.??"]
[WhiteTeam "SF Schöneck"]
[BlackTeam "SK Gießen"]

1. e4 d5 2. exd5 Nf6 3. d4 Bg4 4. Nf3 e6 5. Be2 exd5 6. Be3 Nbd7 7. Nbd2 Bd6 8.
O-O O-O 9. c4 dxc4 10. Nxc4 Be7 11. Rc1 Nd5 12. Nfe5 Bxe2 13. Qxe2 Nxe3 14.
fxe3 Nf6 15. Qc2 Qd5 16. Qb3 Ne4 17. Nd2 Qxb3 18. Nxb3 Bd6 19. Nc4 Be7 20. Rf4
f5 21. g4 Bg5 22. Rxf5 Rxf5 23. gxf5 b5 24. Kg2 bxc4 25. Rxc4 Rc8 26. Kf3 Nd6
27. Rc5 Kf7 28. e4 h5 29. Na5 a6 30. Nc6 Ke8 31. b3 Nb7 32. Rc2 Bh6 33. e5 Kd7
34. Nb4 a5 35. Nd5 Nd8 36. Ke4 Nc6 37. Rc4 Bd2 38. f6 Bh6 39. Rxc6 Kxc6 40.
Ne7+ Kd7 41. Nxc8 Kxc8 42. f7 g6 43. e6 Kd8 44. d5 Ke7 45. h3 Bg7 46. a3 Bc3
47. Kf4 Bf6 48. b4 axb4 49. axb4 Kf8 50. b5 Be7 51. Ke5 Kg7 52. b6 Bd6+ 53. Ke4
cxb6 0-1

[Event "Sparkassen-Open B"]
[Site "Heusenstamm, Martinsee"]
[Date "2019.11.23"]
[Round "4.12"]
[White "Cromm, Mika"]
[Black "Plattner, Rolf"]
[Result "0-1"]
[WhiteElo "1451"]
[BlackElo "1787"]
[PlyCount "60"]
[EventDate "2019.??.??"]
[WhiteTeam "TuS Löhnberg"]
[BlackTeam "SK Langen"]

1. d4 Nf6 2. c4 e6 3. Nc3 Bb4 4. Bg5 h6 5. Bh4 g5 6. Bg3 Ne4 7. Qc2 Nxg3 8.
hxg3 Qf6 9. e3 Nc6 10. a3 Bxc3+ 11. Qxc3 d5 12. cxd5 exd5 13. Bb5 Bd7 14. Nf3
Rc8 15. Qb3 a6 16. Bd3 g4 17. Nd2 Qd6 18. Qxb7 Rb8 19. Qxa6 Rxb2 20. Bb5 Ke7
21. Rc1 Rb8 22. Bxc6 R8b6 23. Qe2 Rxc6 24. Rxc6 Qxc6 25. O-O Qc2 26. Rd1 Ba4
27. Rb1 Rxb1+ 28. Kh2 Rb2 29. Qxg4 Qxd2 30. Qh4+ Ke8 0-1

[Event "Sparkassen-Open B"]
[Site "Heusenstamm, Martinsee"]
[Date "2019.11.23"]
[Round "4.13"]
[White "Pichl, Christoph"]
[Black "Bauer, Ottmar"]
[Result "0-1"]
[WhiteElo "1611"]
[BlackElo "1782"]
[PlyCount "116"]
[EventDate "2019.??.??"]
[WhiteTeam "SK Bad Homburg"]
[BlackTeam "TSV Rottendorf"]

1. d4 d5 2. Bf4 Bf5 3. e3 Nf6 4. Bd3 Bxd3 5. Qxd3 c6 6. Nd2 Nbd7 7. Ngf3 e6 8.
O-O Be7 9. c3 O-O 10. e4 dxe4 11. Nxe4 Nxe4 12. Qxe4 Nf6 13. Qc2 Nd5 14. Bg3
Rc8 15. Rad1 b5 16. a3 Nb6 17. Rfe1 Bf6 18. Be5 Qd5 19. Bxf6 gxf6 20. Re4 Qh5
21. Rde1 Nd7 22. Rh4 Qg6 23. Qxg6+ hxg6 24. Rhe4 Nb6 25. b3 Rfd8 26. Rc1 c5 27.
dxc5 Rxc5 28. Nd4 e5 29. Nf3 Rd3 30. Re3 Rcd5 31. Ree1 Rc5 32. Re3 Rd7 33. h3
Kf8 34. Kf1 Nd5 35. Re2 Rxc3 36. Rxc3 Nxc3 37. Rc2 Ne4 38. Ke2 Ke7 39. Ne1 Ng5
40. Nd3 Ne6 41. Ke3 Nd4 42. Rb2 Kd6 43. Rb1 a5 44. f3 Rc7 45. Rc1 Nxb3 46. Rxc7
Kxc7 47. g4 Kd6 48. h4 Nd4 49. h5 gxh5 50. gxh5 Nf5+ 51. Kd2 Ke7 52. Nc5 Kf8
53. Nb3 a4 54. Nc5 Kg7 55. Kc3 Kh6 56. Nxa4 bxa4 57. Kb4 Nd4 58. Kxa4 Nc2 0-1

[Event "Sparkassen-Open B"]
[Site "Heusenstamm, Martinsee"]
[Date "2019.11.23"]
[Round "4.14"]
[White "Griesfeller, Sven"]
[Black "Meyer, Marcel"]
[Result "0-1"]
[WhiteElo "1518"]
[BlackElo "1777"]
[PlyCount "46"]
[EventDate "2019.??.??"]
[WhiteTeam "SV Büdingen-Ortenberg"]
[BlackTeam "SC Herborn"]

1. d4 d5 2. c4 c6 3. Nf3 Nf6 4. Nc3 e6 5. e3 Nbd7 6. Qc2 Be7 7. b3 a6 8. Bd3 b5
9. O-O O-O 10. e4 b4 11. e5 bxc3 12. exf6 Nxf6 13. Ne5 dxc4 14. bxc4 Bb7 15.
Qxc3 c5 16. Be3 Qc7 17. Rab1 Rab8 18. Rb2 Be4 19. Rfb1 Bxd3 20. Qxd3 Rxb2 21.
Rxb2 cxd4 22. Bxd4 Rd8 23. Qc3 Qxe5 0-1

[Event "Sparkassen-Open B"]
[Site "Heusenstamm, Martinsee"]
[Date "2019.11.23"]
[Round "4.15"]
[White "Eremenko, Christian"]
[Black "Baumann, Ralf-Rüdiger"]
[Result "1-0"]
[WhiteElo "1768"]
[BlackElo "1600"]
[PlyCount "83"]
[EventDate "2019.??.??"]
[WhiteTeam "SV Großauheim"]
[BlackTeam "SVG Konstanz"]

1. e4 e5 2. Bc4 Nf6 3. Nf3 Nc6 4. Ng5 d5 5. exd5 Na5 6. Bb5+ c6 7. dxc6 bxc6 8.
Ba4 Bc5 9. O-O h6 10. Nf3 Bg4 11. h3 Bh5 12. g4 Nxg4 13. hxg4 Bxg4 14. Qe2 Qf6
15. Qxe5+ Be7 16. Qxf6 gxf6 17. Nh2 Bh3 18. Kh1 Bxf1 19. Nxf1 Rg8 20. d3 O-O-O
21. Be3 Rd5 22. Ng3 Bd6 23. Nc3 Re5 24. Bf4 Re6 25. Bxd6 Rxd6 26. Nce4 Re6 27.
b4 Nb7 28. Bb3 Re7 29. Nxf6 Rg6 30. Nfe4 f5 31. Nxf5 Re5 32. Nfg3 h5 33. Rf1 h4
34. Ne2 Nd6 35. Nxd6+ Rxd6 36. Ng1 Rh6 37. f4 Re3 38. Kh2 Rg3 39. Rf2 Rhg6 40.
Ne2 R3g4 41. a3 Rg7 42. Be6+ 1-0

[Event "Sparkassen-Open B"]
[Site "Heusenstamm, Martinsee"]
[Date "2019.11.23"]
[Round "4.16"]
[White "Lorenz, Alexander"]
[Black "Leichum, Engelbert"]
[Result "0-1"]
[WhiteElo "1759"]
[BlackElo "1587"]
[PlyCount "80"]
[EventDate "2019.??.??"]
[WhiteTeam "SV Bergwinkel"]
[BlackTeam "vereinslos"]

1. e4 d5 2. exd5 Nf6 3. Bb5+ Bd7 4. Qe2 Nxd5 5. a3 a6 6. Bc4 Bc6 7. Bxd5 Bxd5
8. Nf3 b5 9. Nc3 Bb7 10. d4 Nd7 11. Bf4 Nf6 12. Nxb5 Rc8 13. Nc3 e6 14. Rd1 Be7
15. O-O O-O 16. Rfe1 c6 17. Ne4 Qb6 18. b4 a5 19. Ne5 Rfd8 20. Nxf6+ Bxf6 21.
Nxf7 Kxf7 22. Qxe6+ Kg6 23. bxa5 Qxa5 24. Re5 Rd5 25. g4 h6 26. Qf5+ Kf7 27.
Qe6+ Kg6 28. Qf5+ Kf7 29. c4 Rxe5 30. dxe5 Rd8 31. Rxd8 Qxd8 32. exf6 Qd1+ 33.
Kg2 c5+ 34. Kg3 Qg1+ 35. Kh3 Qg2+ 36. Kh4 Qxf2+ 37. Kh5 Bc8 38. Qd5+ Be6 39.
Qd8 g6+ 40. Kxh6 Qh4# 0-1

[Event "Sparkassen-Open B"]
[Site "Heusenstamm, Martinsee"]
[Date "2019.11.23"]
[Round "4.17"]
[White "Spelleken, Hans-Gerd"]
[Black "Welther, Patrick"]
[Result "1-0"]
[WhiteElo "1753"]
[BlackElo "1586"]
[PlyCount "77"]
[EventDate "2019.??.??"]
[WhiteTeam "SC Kahl"]
[BlackTeam "SC Gelnhausen"]

1. Nf3 Nf6 2. d4 g6 3. Nbd2 Bg7 4. e4 d6 5. Bc4 O-O 6. O-O c6 7. Re1 b5 8. Bb3
a5 9. a3 a4 10. Ba2 Nbd7 11. e5 dxe5 12. dxe5 Nd5 13. c4 bxc4 14. Nxc4 Nc5 15.
Qd4 Nb3 16. Bxb3 axb3 17. Qh4 Ba6 18. Ne3 e6 19. Qa4 Be2 20. Qxb3 Bxf3 21. gxf3
Qg5+ 22. Ng4 Qh5 23. Qc4 Qh3 24. Bg5 Qxf3 25. Rad1 h5 26. Nh6+ Bxh6 27. Bxh6
Kh7 28. Rd3 Qf5 29. Bxf8 Rxf8 30. Rg3 Nf4 31. Kh1 Nh3 32. Rf1 Rd8 33. Qc3 Rd1
34. Rgg1 Qe4+ 35. f3 Rxf1 36. Rxf1 Qe2 37. Re1 Nf2+ 38. Kg2 Qd3 39. Kxf2 1-0

[Event "Sparkassen-Open B"]
[Site "Heusenstamm, Martinsee"]
[Date "2019.11.23"]
[Round "4.18"]
[White "Taskor, Erkan"]
[Black "Goodwin, David"]
[Result "1-0"]
[WhiteElo "1730"]
[BlackElo "1541"]
[PlyCount "53"]
[EventDate "2019.??.??"]
[WhiteTeam "Niederräder TG"]
[BlackTeam "SV Kelsterbach"]

1. d4 Nf6 2. Bf4 g6 3. Nf3 Bg7 4. e3 d6 5. Be2 a6 6. a4 Nbd7 7. Nc3 c5 8. Bc4
cxd4 9. exd4 Nc5 10. dxc5 Nh5 11. Be3 Qa5 12. Qd2 b5 13. Bd5 Rb8 14. Bc6+ Kf8
15. cxd6 Bxc3 16. dxe7+ Kxe7 17. Qxc3 Qxc3+ 18. bxc3 Bb7 19. axb5 Bxc6 20. bxc6
Ra8 21. Bc5+ Kd8 22. Bb6+ Kc8 23. O-O Nf4 24. Rfe1 Ne6 25. Nd4 Nc7 26. Bxc7
Kxc7 27. Re7+ 1-0

[Event "Sparkassen-Open B"]
[Site "Heusenstamm, Martinsee"]
[Date "2019.11.23"]
[Round "4.19"]
[White "Stepanov, Maximilian"]
[Black "Schwenk, Stefan"]
[Result "1-0"]
[WhiteElo "1561"]
[BlackElo "1723"]
[PlyCount "89"]
[EventDate "2019.??.??"]
[WhiteTeam "SK Gräfelfing"]
[BlackTeam "SK Geisenheim"]

1. d4 d5 2. c4 e6 3. Nc3 Nf6 4. cxd5 exd5 5. Bg5 Be7 6. e3 Nbd7 7. Bd3 O-O 8.
Qc2 h6 9. Bf4 a6 10. Nf3 Re8 11. O-O c5 12. dxc5 Nxc5 13. Rfd1 Nxd3 14. Qxd3
Be6 15. Rac1 Qb6 16. Qb1 Rac8 17. a3 Red8 18. b4 Nh5 19. Be5 Bf6 20. Bd4 Bxd4
21. Nxd4 Nf6 22. Na4 Qd6 23. Nc5 Rc7 24. h3 Rdc8 25. Ndxe6 fxe6 26. Nxb7 Qb6
27. Rxc7 Rxc7 28. Nc5 Kf7 29. Qd3 Ra7 30. Rc1 Rc7 31. Rb1 a5 32. Na4 Qc6 33. b5
Qd6 34. b6 Rb7 35. Qa6 Qc6 36. Qxa5 Nd7 37. Qb5 Qc2 38. Qb3 Qc6 39. Rb2 Ne5 40.
Rb1 Nc4 41. Qb5 Qd6 42. Qa6 Qc6 43. Rb5 Nxa3 44. Rc5 Qd7 45. Qxb7 1-0

[Event "Sparkassen-Open B"]
[Site "Heusenstamm, Martinsee"]
[Date "2019.11.23"]
[Round "4.20"]
[White "Becker, Ralph"]
[Black "Ketting, Douwe"]
[Result "1-0"]
[WhiteElo "1706"]
[BlackElo "1534"]
[PlyCount "45"]
[EventDate "2019.??.??"]
[WhiteTeam "SC Paimar"]
[BlackTeam "SC Somborn"]

1. Nf3 Nf6 2. c4 g6 3. Nc3 Bg7 4. g3 c5 5. Bg2 Nc6 6. d4 cxd4 7. Nxd4 O-O 8.
O-O Qb6 9. Nb3 d6 10. Nd5 Nxd5 11. cxd5 Na5 12. Be3 Qb5 13. Nxa5 Qxa5 14. Bd4
Qb4 15. Bxg7 Kxg7 16. Rb1 Bf5 17. a3 Qb6 18. e4 Bd7 19. Qd2 Rac8 20. Rfc1 Rxc1+
21. Rxc1 Rc8 22. Rxc8 Bxc8 23. Qc3+ 1-0

[Event "Sparkassen-Open B"]
[Site "Heusenstamm, Martinsee"]
[Date "2019.11.23"]
[Round "4.21"]
[White "von Beckh, Frieda"]
[Black "Haas, Vanessa"]
[Result "1-0"]
[WhiteElo "1415"]
[BlackElo "1706"]
[PlyCount "157"]
[EventDate "2019.??.??"]
[WhiteTeam "SK Bad Homburg"]
[BlackTeam "SC FK Babenhausen"]

1. e4 d5 2. exd5 Qxd5 3. d4 Bf5 4. Nf3 Qe4+ 5. Qe2 Qxe2+ 6. Bxe2 Bxc2 7. Bf4 c6
8. Na3 Be4 9. O-O Nf6 10. Ne5 e6 11. Nac4 Be7 12. Nd3 O-O 13. Nc5 Bxc5 14. dxc5
Na6 15. Bd6 Rfd8 16. Na5 Rd7 17. Rac1 Nb4 18. a3 Nd3 19. Bxd3 Bxd3 20. Rfd1 Bb5
21. b4 Rad8 22. f3 Ne8 23. Re1 Nxd6 24. cxd6 Ba6 25. a4 Rb8 26. Red1 Rbd8 27.
Re1 Rb8 28. Rcd1 Rc8 29. Rc1 Bd3 30. Red1 Bf5 31. Nxb7 Rxb7 32. d7 Rd8 33. Rxc6
Rbb8 34. g4 Bg6 35. Rc7 a6 36. Rdc1 Kf8 37. Rc8 Ke7 38. Rxb8 Rxb8 39. Rc8 Kxd7
40. Rxb8 Bc2 41. a5 Bd3 42. Rb7+ Ke8 43. Kf2 h6 44. Ke3 Bc4 45. h3 Bd5 46. Ra7
Bc4 47. Kd4 Be2 48. Kc5 g6 49. Kd6 Kf8 50. Kc5 Kg7 51. f4 g5 52. fxg5 hxg5 53.
Kd4 Kg6 54. Ke5 Bc4 55. Rc7 Bf1 56. Rc8 Kg7 57. Rc3 Kg6 58. Rf3 Bc4 59. Rf2 Kg7
60. Kd4 Bb5 61. Rh2 f6 62. h4 gxh4 63. Rxh4 Be2 64. Ke3 Bf1 65. Rh1 Bc4 66. Rg1
Kg6 67. Kf4 e5+ 68. Kf3 Kg5 69. Re1 Bd5+ 70. Kg3 Bc4 71. Rb1 Bb5 72. Rd1 Bc4
73. Rd8 f5 74. gxf5 Kxf5 75. Kf3 Bb5 76. Rb8 Bc6+ 77. Ke3 Ke6 78. Rb6 Kd5 79.
Rxa6 1-0

[Event "Sparkassen-Open B"]
[Site "Heusenstamm, Martinsee"]
[Date "2019.11.23"]
[Round "4.22"]
[White "Treiber, Volker"]
[Black "Moldenhauer, Lennart"]
[Result "1-0"]
[WhiteElo "1692"]
[BlackElo "1511"]
[PlyCount "137"]
[EventDate "2019.??.??"]
[WhiteTeam "SK Lohr"]
[BlackTeam "SV Oberursel"]

1. d4 g6 2. Nc3 Bg7 3. e4 d6 4. Be3 a6 5. Bc4 Nd7 6. Qd2 b5 7. Be2 Bb7 8. a3 c5
9. d5 Qa5 10. Nd1 Qxd2+ 11. Bxd2 Ngf6 12. f3 Nb6 13. c3 O-O 14. Nh3 e6 15. dxe6
fxe6 16. O-O d5 17. e5 Nfd7 18. f4 Nc4 19. Bc1 Rad8 20. Bf3 Ndb6 21. Ndf2 Rfe8
22. Nd3 Bf8 23. Nhf2 Ba8 24. Ng4 Nd7 25. h4 d4 26. Bxa8 Rxa8 27. cxd4 cxd4 28.
b3 Na5 29. Rb1 Rac8 30. Bd2 Nc6 31. b4 h5 32. Ngf2 Nb6 33. Ne4 Nd5 34. Kf2 Kf7
35. Kf3 Nb6 36. Ndc5 Bxc5 37. bxc5 Nc4 38. Bc1 Red8 39. Nd6+ Nxd6 40. cxd6 Na5
41. Bb2 Nc4 42. Rfd1 Nxb2 43. Rxb2 Rc3+ 44. Ke4 Rxa3 45. Rxd4 Rc3 46. Ra2 Rc6
47. Kd3 Ke8 48. Rc2 Kd7 49. Rxc6 Kxc6 50. Kc3 Kc5 51. Rd3 Kc6 52. Kb4 Kb6 53.
Rg3 Rg8 54. Rc3 a5+ 55. Kb3 Rf8 56. g3 Rf7 57. Rc8 a4+ 58. Kb4 Ra7 59. Rb8+ Rb7
60. Re8 Ra7 61. Ka3 Kc5 62. Rxe6 b4+ 63. Kb2 a3+ 64. Ka1 b3 65. Re7 Ra8 66.
Rc7+ Kb6 67. Rc3 b2+ 68. Ka2 Kb7 69. e6 1-0

[Event "Sparkassen-Open B"]
[Site "Heusenstamm, Martinsee"]
[Date "2019.11.23"]
[Round "4.23"]
[White "Pidgora, Andrejs"]
[Black "Althaus, Lennart"]
[Result "0-1"]
[WhiteElo "1546"]
[BlackElo "1690"]
[PlyCount "76"]
[EventDate "2019.??.??"]
[WhiteTeam "Riga Chess School"]
[BlackTeam "TV-Großostheim"]

1. e4 d5 2. exd5 Qxd5 3. Nc3 Qa5 4. d4 Nf6 5. Nf3 Bg4 6. h3 Bxf3 7. Qxf3 c6 8.
Bc4 Nbd7 9. O-O e6 10. Re1 Be7 11. Be3 Nb6 12. Bb3 Nbd5 13. Nxd5 cxd5 14. c3
O-O 15. Bg5 b5 16. a3 Qd8 17. Bxf6 Bxf6 18. Bc2 a5 19. b3 Qc7 20. Rac1 Rfc8 21.
Qd3 g6 22. Bb1 Qb7 23. Rc2 Rc7 24. Kf1 Rac8 25. Ree2 b4 26. cxb4 axb4 27. a4
Rc3 28. Rxc3 Rxc3 29. Qd1 Qa6 30. Ke1 Kg7 31. Ba2 Qc6 32. Kf1 Rc1 33. Qxc1
Qxc1+ 34. Re1 Qb2 35. Bb1 Bxd4 36. Re2 Qxb1+ 37. Re1 Qxb3 38. a5 Qa3 0-1

[Event "Sparkassen-Open B"]
[Site "Heusenstamm, Martinsee"]
[Date "2019.11.23"]
[Round "4.24"]
[White "Fischer, Lutz"]
[Black "Schwab, Tizian"]
[Result "1-0"]
[WhiteElo "1679"]
[BlackElo "1495"]
[PlyCount "123"]
[EventDate "2019.??.??"]
[WhiteTeam "SF Frankfurt"]
[BlackTeam "TV-Großostheim"]

1. e4 c6 2. d4 d5 3. e5 Bf5 4. Nf3 e6 5. Be2 Ne7 6. O-O Bg6 7. Nbd2 Nf5 8. Nb3
Nd7 9. c4 Be7 10. cxd5 cxd5 11. Bf4 O-O 12. Rc1 Rc8 13. Qd2 Nb6 14. Rxc8 Qxc8
15. Rc1 Qd7 16. Qa5 Rc8 17. Qxa7 Rxc1+ 18. Bxc1 Qc7 19. Qa5 Qc2 20. Qd2 Qxd2
21. Bxd2 Na4 22. Bc1 Bh5 23. h3 Bxf3 24. Bxf3 Bd8 25. g4 Ne7 26. Be2 Nb6 27.
Nc5 Nc4 28. Nxb7 Bb6 29. b3 Na5 30. Nxa5 Bxa5 31. Bb5 Bc3 32. Be3 f5 33. f4 g6
34. Bd7 Kf7 35. Kf2 h5 36. g5 Ng8 37. Ke2 Ke7 38. Bb5 Kd8 39. Kd3 Ba1 40. a4
Kc7 41. a5 Ne7 42. Bd2 Bb2 43. b4 Nc6 44. Bc3 Bc1 45. Bd2 Bb2 46. Ba4 Nxd4 47.
Be8 Nf3 48. Bxg6 Nxd2 49. Kxd2 Ba3 50. Kc3 Bc1 51. Bxh5 Bxf4 52. g6 Bxe5+ 53.
Kd3 Kc6 54. Be2 f4 55. h4 Bf6 56. h5 Bg7 57. Kc2 e5 58. b5+ Kb7 59. Bg4 Kb8 60.
Be6 d4 61. Bd5 Bf8 62. b6 1-0

[Event "Sparkassen-Open B"]
[Site "Heusenstamm, Martinsee"]
[Date "2019.11.23"]
[Round "4.25"]
[White "Gnandt, Michael"]
[Black "Ilievski, Kosto"]
[Result "0-1"]
[WhiteElo "1434"]
[BlackElo "1678"]
[PlyCount "132"]
[EventDate "2019.??.??"]
[WhiteTeam "SV Steinhausen"]
[BlackTeam "SC Groß-Zimmern"]

1. e4 c6 2. d3 d5 3. Nc3 dxe4 4. Nxe4 Bf5 5. Qf3 Bxe4 6. Qxe4 e6 7. g3 Bd6 8.
Qg4 Be5 9. Nf3 Bf6 10. Bg2 Ne7 11. O-O Ng6 12. Rb1 Nd7 13. Qb4 Nb6 14. d4 Be7
15. Qd2 O-O 16. b3 Nd5 17. Bb2 Rc8 18. Rfd1 Qb6 19. c4 Nf6 20. Qd3 Rfd8 21. h3
Qc7 22. Qe3 b6 23. Re1 c5 24. Ne5 cxd4 25. Bxd4 Nxe5 26. Bxe5 Qc5 27. Qg5 Ne8
28. Qh5 Bf6 29. Be4 g6 30. Bxg6 hxg6 31. b4 Qxc4 32. Qf3 Bxe5 33. Rxe5 Qd3 34.
Qxd3 Rxd3 35. Rb2 Rc1+ 36. Kg2 Nd6 37. Ree2 Rcd1 38. a4 Kg7 39. Rec2 Ne4 40.
Rc7 Rd7 41. Rc4 f5 42. Rc6 Kf6 43. a5 bxa5 44. bxa5 R7d6 45. Rc8 Ra6 46. Ra2
Rd2 47. Rxd2 Nxd2 48. Rc2 Nb3 49. Rb2 Nxa5 50. Ra2 Ke5 51. f4+ Kd5 52. g4 fxg4
53. hxg4 e5 54. f5 gxf5 55. gxf5 e4 56. Rf2 Ke5 57. Kg3 Nc4 58. Kg4 Rf6 59. Ra2
a6 60. Ra4 Ne3+ 61. Kg3 Nxf5+ 62. Kf2 Kf4 63. Ke2 Re6 64. Rb4 Rc6 65. Kd2 Kf3
66. Rb3+ e3+ 0-1

[Event "Sparkassen-Open B"]
[Site "Heusenstamm, Martinsee"]
[Date "2019.11.23"]
[Round "4.26"]
[White "Laufer, Maximilian"]
[Black "Röth, Alexander"]
[Result "0-1"]
[WhiteElo "1374"]
[BlackElo "1634"]
[PlyCount "52"]
[EventDate "2019.??.??"]
[WhiteTeam "MS Halver-Schalksmühle"]
[BlackTeam "Schachforum Darmstadt"]

1. e4 c6 2. d4 d5 3. Nc3 dxe4 4. Nxe4 Bf5 5. Ng3 Bg6 6. N1e2 Nf6 7. Nf4 e5 8.
dxe5 Qa5+ 9. c3 Qxe5+ 10. Be2 Nbd7 11. O-O Bc5 12. Bf3 O-O 13. Nxg6 hxg6 14.
Re1 Qc7 15. Bd2 Rad8 16. Ne4 Nxe4 17. Bxe4 Qb6 18. Re2 Rfe8 19. b4 Bxf2+ 20.
Rxf2 Rxe4 21. Qf3 Nf6 22. Bg5 Re5 23. Bxf6 gxf6 24. Kh1 Rf5 25. Qe4 Qxf2 26.
Qc4 b5 0-1

[Event "Sparkassen-Open B"]
[Site "Heusenstamm, Martinsee"]
[Date "2019.11.23"]
[Round "4.27"]
[White "Bastian, Ben"]
[Black "Fuchs, Henrik"]
[Result "1-0"]
[WhiteElo "1632"]
[BlackElo "1348"]
[PlyCount "115"]
[EventDate "2019.??.??"]
[WhiteTeam "SC Herborn"]
[BlackTeam "SC Bad Soden"]

1. d4 d5 2. c4 dxc4 3. e4 c5 4. d5 e6 5. Bxc4 Nf6 6. Bg5 Qa5+ 7. Nc3 Nxe4 8.
Bd2 Nxd2 9. Qxd2 Be7 10. Nge2 O-O 11. O-O exd5 12. Qxd5 Nc6 13. Nf4 Nb4 14. Qh5
Qc7 15. Ncd5 Nxd5 16. Nxd5 Qd6 17. Nxe7+ Qxe7 18. Rfe1 Be6 19. Bd3 h6 20. Qe5
Rfe8 21. Re3 Qf6 22. Rae1 Qxe5 23. Rxe5 Rad8 24. Bc4 Kf8 25. Bb5 Bd7 26. Bc4
Rxe5 27. Rxe5 Be6 28. Bf1 b6 29. b3 Rd1 30. Re4 Ra1 31. Ra4 Bxb3 32. axb3 Rxa4
33. bxa4 Ke7 34. f4 Kd6 35. Bc4 f6 36. Kf2 g5 37. Ke3 f5 38. h3 Ke7 39. g3 Kf6
40. h4 g4 41. Kd3 Ke7 42. Bg8 Kd6 43. Kc4 a6 44. Bh7 Ke6 45. Bg6 Kf6 46. Be8
Ke6 47. a5 bxa5 48. Kxc5 Ke7 49. Ba4 Ke6 50. Bb3+ Ke7 51. Kd5 Kf6 52. Kd6 Kg7
53. Ke6 Kg6 54. Bc2 a4 55. Bxa4 a5 56. Bc2 a4 57. Bxa4 Kh5 58. Be8# 1-0

[Event "Sparkassen-Open B"]
[Site "Heusenstamm, Martinsee"]
[Date "2019.11.23"]
[Round "4.28"]
[White "Buchinger, Alexis"]
[Black "Friedel, Thomas"]
[Result "1-0"]
[WhiteElo "1399"]
[BlackElo "1631"]
[PlyCount "46"]
[EventDate "2019.??.??"]
[WhiteTeam "SF Neuberg"]
[BlackTeam "SV Groß-Gerau"]

1. e4 e5 2. Nf3 d6 3. d4 exd4 4. Nxd4 Nf6 5. Nc3 Be7 6. Bf4 O-O 7. Qd2 Nbd7 8.
O-O-O Ne5 9. Nf3 Bg4 10. Bxe5 Bxf3 11. Bxf6 Bxd1 12. Bxe7 Qxe7 13. Qxd1 Rad8
14. Bd3 Qg5+ 15. Kb1 Qxg2 16. Qe1 Rfe8 17. Rg1 Qxh2 18. Rh1 Qe5 19. Qe3 b6 20.
f4 Qc5 21. Qg3 g6 22. Nd5 Qd4 23. Qh4 Re6 1-0

[Event "Sparkassen-Open B"]
[Site "Heusenstamm, Martinsee"]
[Date "2019.11.23"]
[Round "4.29"]
[White "Stosberg, Marc"]
[Black "Krasowitzki, Jan"]
[Result "1-0"]
[WhiteElo "1798"]
[BlackElo "1173"]
[PlyCount "51"]
[EventDate "2019.??.??"]
[WhiteTeam "Sfr. Mörfelden"]
[BlackTeam "VSG Offenbach"]

1. e4 e5 2. Nf3 Nc6 3. d4 exd4 4. Nxd4 Ne5 5. Be3 Nf6 6. f4 Neg4 7. Qf3 Nxe3 8.
Qxe3 Bc5 9. Be2 O-O 10. Nc3 d6 11. O-O-O Bg4 12. Bxg4 Nxg4 13. Qf3 Nf6 14. g4
Qd7 15. g5 Ng4 16. h3 Ne5 17. fxe5 dxe5 18. Nb3 Qc6 19. Nxc5 Qxc5 20. Qd3 Qe7
21. h4 f6 22. Nd5 Qd7 23. Nxf6+ gxf6 24. Qxd7 Rac8 25. gxf6 Rcd8 26. Qg7# 1-0

[Event "Sparkassen-Open B"]
[Site "Heusenstamm, Martinsee"]
[Date "2019.11.23"]
[Round "4.30"]
[White "Spinnler, Wolfgang"]
[Black "Jordake, Michael"]
[Result "1/2-1/2"]
[WhiteElo "1541"]
[BlackElo "1789"]
[PlyCount "61"]
[EventDate "2019.??.??"]
[WhiteTeam "SC Landskrone"]
[BlackTeam "SC Bergen-Enkheim"]

1. Nf3 Nf6 2. c4 b6 3. g3 e6 4. Bg2 Bb7 5. b3 d6 6. Bb2 Nbd7 7. d4 d5 8. O-O
Be7 9. Nbd2 O-O 10. a3 a5 11. Qc2 Re8 12. Rac1 Rc8 13. Rfe1 c5 14. Qb1 Ba8 15.
e3 dxc4 16. Nxc4 Be4 17. Qa1 Nd5 18. Nfe5 Bxg2 19. Kxg2 Nxe5 20. Nxe5 f6 21.
Nf3 Bf8 22. Red1 Qe7 23. Kg1 Qb7 24. Nh4 g5 25. Ng2 cxd4 26. Bxd4 e5 27. Bb2
Bc5 28. Qb1 Ne7 29. Rd3 Red8 30. Rcd1 Rxd3 31. Qxd3 1/2-1/2

[Event "Sparkassen-Open B"]
[Site "Heusenstamm, Martinsee"]
[Date "2019.11.23"]
[Round "4.31"]
[White "Lanz, Udo"]
[Black "Englert, Lin"]
[Result "1-0"]
[WhiteElo "1787"]
[BlackElo "1498"]
[PlyCount "109"]
[EventDate "2019.??.??"]
[WhiteTeam "VSG Offenbach"]
[BlackTeam "TV-Großostheim"]

1. c4 e5 2. g3 Nf6 3. Bg2 Bc5 4. Nc3 Nc6 5. d3 d6 6. a3 Rb8 7. e3 Be6 8. b4 Bb6
9. Nge2 O-O 10. Bb2 Qc8 11. h4 Ng4 12. Qd2 Ne7 13. a4 c6 14. a5 Bc7 15. Rc1 Qd7
16. Ne4 f5 17. Ng5 h6 18. Nxe6 Qxe6 19. O-O Kh8 20. f3 Nf6 21. f4 exf4 22. exf4
Ng4 23. Nd4 Qd7 24. Rfe1 Rbe8 25. Ne6 Rf7 26. Bf3 Ng8 27. Bxg4 fxg4 28. Nxc7
Rxe1+ 29. Rxe1 Qxc7 30. Re8 Re7 31. Ra8 a6 32. f5 Kh7 33. Rf8 Rf7 34. Rxf7 Qxf7
35. Qf4 Qe7 36. Qe4 Qxe4 37. dxe4 Nf6 38. Bxf6 gxf6 39. Kf2 Kg7 40. h5 Kf7 41.
Ke3 Ke7 42. Kf4 Kf7 43. Kxg4 Ke7 44. Kf4 Kd7 45. Ke3 Kc7 46. Kd4 b6 47. axb6+
Kxb6 48. c5+ dxc5+ 49. bxc5+ Kb5 50. e5 a5 51. exf6 a4 52. f7 a3 53. f8=Q Kb4
54. Qb8+ Ka4 55. Kc4 1-0